000 00584nam a2200193 a 4500
005 20140310183142.0
008 020822s19uu xx 00 eng d
050 _aHM 751
_b.H47 1999
100 _aHeron, John
245 _aThe complete facilitators's handbook /
_cJohn Heron.
260 _aLondon, UK ; Sterling, VA :
_bKogan Page,
_c1999.
300 _axii, 414 p. :
_bill. ;
_c24 cm.
650 _aCommunication in small group
650 _aGroup decision making
650 _aexperimental learning
650 _aGroup facilitation
942 _cBK
_2lcc
_kFOR
999 _c19432
_d19432